[Event "Titled Tue 17th Jun Late"]
[Site "chess.com INT"]
[Date "2025.06.17"]
[Round "7"]
[White "Chen, Yidong"]
[Black "Sethuraman, Roshan"]
[Result "0-1"]
[WhiteElo "2074"]
[BlackElo "2074"]
[WhiteFideId "8607028"]
[BlackFideId "30965250"]
[EventDate "2025.06.17"]

1. e4 c5 2. Nf3 d6 3. d4 cxd4 4. Nxd4 Nf6 5. Nc3 a6 6. Be3 e5 7. Nb3 Be6 8. h3
h6 9. Qf3 Be7 10. g4 Nbd7 11. Nd5 b5 12. O-O-O Bxd5 13. exd5 Nb6 14. Kb1 Rc8 15.
c3 Qc7 16. h4 e4 17. Qg2 Nbxd5 18. Bc1 b4 19. c4 Nb6 20. g5 hxg5 21. hxg5 Rxh1
22. Qxh1 Nfd7 23. Qxe4 Nxc4 24. Re1 Ndb6 25. g6 Ne5 26. gxf7+ Kf8 27. Bxa6 Ra8
28. Bb5 Qa7 29. Rh1 Qxa2+ 30. Kc2 Rc8+ 31. Kd2 Qxb3 32. Rh8+ Kxf7 33. Qf5+ Bf6
34. Rxc8 Nxc8 35. Be2 Ne7 36. Qe4 Qd5+ 37. Qxd5+ Nxd5 38. Ke1 Ke7 39. Bd2 Nc6
40. b3 Nc3 41. Bc4 Nd4 42. Kf1 d5 43. Bd3 Nxb3 44. Be1 Nc5 0-1

[Event "Titled Tue 17th Jun Late"]
[Site "chess.com INT"]
[Date "2025.06.17"]
[Round "7"]
[White "Linares Orellana, Hector Jose"]
[Black "Karas, Eugenia"]
[Result "1-0"]
[WhiteTitle "FM"]
[BlackTitle "WFM"]
[WhiteElo "2111"]
[BlackElo "2124"]
[WhiteFideId "7304307"]
[BlackFideId "463485"]
[EventDate "2025.06.17"]

1. d4 Nf6 2. c4 b6 3. Nc3 Bb7 4. Bf4 e6 5. e3 d5 6. cxd5 Nxd5 7. Nxd5 Bxd5 8.
Nf3 Bxf3 9. Qxf3 Bb4+ 10. Kd1 Nd7 11. a3 Be7 12. Rc1 c5 13. Bb5 O-O 14. Bc6 Rc8
15. Bb7 Bf6 16. Bxc8 Qxc8 17. Ke2 Qa6+ 18. Kd2 cxd4 19. exd4 Bxd4 20. Qd3 Qa5+
21. b4 Qd5 22. f3 Nf6 23. Rhd1 e5 24. Be3 Rd8 25. Bxd4 exd4 26. Ke2 Qg5 27. Kf2
Nh5 28. Qxd4 Re8 29. Re1 Rd8 30. Rcd1 Rc8 31. Qg4 Qxg4 32. fxg4 Nf6 33. h3 h6
34. Rd3 Rc2+ 35. Kg3 g6 36. Re7 a5 37. bxa5 bxa5 38. Ra7 Ne4+ 39. Kh2 a4 40.
Rxa4 Nc5 41. Ra8+ Kg7 42. Rf3 Ra2 43. Ra7 Ne4 44. Rfxf7+ Kg8 45. Rg7+ Kf8 46.
Rh7 1-0

[Event "Titled Tue 17th Jun Late"]
[Site "chess.com INT"]
[Date "2025.06.17"]
[Round "7"]
[White "Rajaram, Rohan"]
[Black "Lazavik, Denis"]
[Result "1-0"]
[WhiteTitle "CM"]
[BlackTitle "GM"]
[WhiteElo "2164"]
[BlackElo "2580"]
[WhiteFideId "30940729"]
[BlackFideId "13515110"]
[EventDate "2025.06.17"]

1. Nf3 Nf6 2. c4 g6 3. Nc3 Bg7 4. e3 d6 5. Be2 O-O 6. d4 Nbd7 7. O-O e5 8. b3
Re8 9. Bb2 e4 10. Nd2 Nf8 11. Qc2 Bf5 12. h3 h5 13. Rfe1 N8h7 14. Nf1 h4 15. d5
Ng5 16. Nb5 Qd7 17. Nd4 Bxh3 18. gxh3 Qxh3 19. Nh2 Re5 20. Bf1 Qd7 21. Ne2 Rf5
22. Nf4 Re8 23. Kh1 h3 24. Be2 Qe7 25. Rg1 Ngh7 26. Ng4 Nxg4 27. Bxg4 Bxb2 28.
Qxb2 Re5 29. Bxh3 Ng5 30. Rg3 Nf3 31. Bg2 Nh4 32. Bh3 Nf3 33. Bg2 Nh4 34. Bh3
Rg5 35. Rag1 Nf3 36. Rxg5 Nxg5 37. Rg3 Nf3 38. Qc1 Qh4 39. Qf1 Kf8 40. Rxg6 Re5
41. Rg4 Qh7 42. Qg2 Ne1 43. Qg3 Nd3 44. Rh4 Qg7 45. Qxg7+ Kxg7 46. Nxd3 exd3 47.
Rd4 1-0

[Event "Titled Tue 17th Jun Late"]
[Site "chess.com INT"]
[Date "2025.06.17"]
[Round "7"]
[White "Norman, Kseniya"]
[Black "Shandrygin, Nikita"]
[Result "1-0"]
[WhiteTitle "WFM"]
[BlackTitle "FM"]
[WhiteElo "2069"]
[BlackElo "2209"]
[WhiteFideId "13518780"]
[BlackFideId "24198668"]
[EventDate "2025.06.17"]

1. e4 e5 2. Nf3 f5 3. Nc3 fxe4 4. Nxe5 Nf6 5. d3 d6 6. Nc4 d5 7. Na3 Bb4 8. Bd2
O-O 9. dxe4 d4 10. Bc4+ Kh8 11. Nd5 Bxd2+ 12. Qxd2 Nxe4 13. Qxd4 Nc6 14. Qe3
Nxf2 15. O-O Ng4 16. Qc5 Rxf1+ 17. Rxf1 Be6 18. h3 Nge5 19. Nxc7 Bxc4 20. Nxc4
Nd7 21. Qd6 Rc8 22. Ne6 Qe8 23. Ng5 h6 24. Nf7+ Kg8 25. Qd5 Nb4 26. Nxh6+ Kh7
27. Qf5+ Kxh6 28. Nd6 Qe3+ 29. Kh1 Qc5 30. Nf7# 1-0

[Event "Titled Tue 17th Jun Late"]
[Site "chess.com INT"]
[Date "2025.06.17"]
[Round "7"]
[White "Zhukovskyi, Oleksandr"]
[Black "Maglioni, Leonardo"]
[Result "0-1"]
[WhiteTitle "CM"]
[WhiteElo "2145"]
[BlackElo "2069"]
[WhiteFideId "14169371"]
[BlackFideId "2896830"]
[EventDate "2025.06.17"]

1. e4 e5 2. Nf3 Nc6 3. d4 exd4 4. Bc4 Nf6 5. e5 d5 6. Bb5 Nd7 7. O-O Be7 8. Bxc6
bxc6 9. e6 fxe6 10. Nxd4 Nb8 11. Re1 Qd6 12. Qh5+ g6 13. Qh6 c5 14. Bf4 Qb6 15.
Nf3 Rf8 16. Nc3 Bd7 17. Qxh7 Rxf4 18. Nxd5 Qd6 19. Nxf4 Qxf4 20. Qxg6+ Qf7 21.
Qg4 Nc6 22. Rad1 O-O-O 23. Qe4 Bd6 24. Ng5 Qh5 25. Nf3 Rg8 26. Kf1 Kb8 27. h3
Qh6 28. Qd3 Qg7 29. Qb5+ Ka8 30. g3 Qh7 31. Qe2 Qxh3+ 32. Kg1 Rh8 33. Qe4 Qh1# 0-1

[Event "Titled Tue 17th Jun Late"]
[Site "chess.com INT"]
[Date "2025.06.17"]
[Round "7"]
[White "Al-Tarboush, Ward"]
[Black "Swara Lakshmi S Nair"]
[Result "1-0"]
[WhiteTitle "FM"]
[BlackTitle "WCM"]
[WhiteElo "2223"]
[BlackElo "2187"]
[WhiteFideId "7601450"]
[BlackFideId "25629239"]
[EventDate "2025.06.17"]

1. e4 c5 2. Nf3 d6 3. d4 cxd4 4. Nxd4 Nf6 5. Nc3 Nc6 6. Bg5 e6 7. Qd2 Be7 8.
O-O-O a6 9. f4 Bd7 10. Nf3 b5 11. Bxf6 gxf6 12. f5 Qa5 13. fxe6 fxe6 14. Kb1
O-O-O 15. Bd3 Kb7 16. Rhe1 Rc8 17. Qh6 Rc7 18. Qg7 Rhc8 19. Nd5 exd5 20. exd5
Nb4 21. a3 Nxd3 22. cxd3 Bd8 23. Nd4 Bf5 24. Qg3 Bg6 25. Nc6 Rxc6 26. dxc6+ Rxc6
27. Qf3 Kc7 28. Rc1 Rc5 29. Rxc5+ dxc5 30. Re6 Qa4 31. Rc6+ Kb8 32. Rxc5 Qd4 33.
Rd5 Qg1+ 34. Kc2 Qb6 35. b4 Bc7 36. Rc5 Bd6 37. Rc6 Qd8 38. Rxa6 Bc7 39. Qa8# 1-0

[Event "Titled Tue 17th Jun Late"]
[Site "chess.com INT"]
[Date "2025.06.17"]
[Round "7"]
[White "Guerra Mendez, Jose Angel"]
[Black "Grover, Sahaj"]
[Result "1/2-1/2"]
[WhiteTitle "GM"]
[BlackTitle "GM"]
[WhiteElo "2478"]
[BlackElo "2465"]
[WhiteFideId "3508129"]
[BlackFideId "5021103"]
[EventDate "2025.06.17"]

1. e4 c5 2. Nf3 e6 3. Be2 Nc6 4. O-O Nf6 5. Nc3 e5 6. Bc4 Be7 7. d3 O-O 8. Bg5
d6 9. h3 a6 10. a4 h6 11. Bxf6 Bxf6 12. Nd5 g6 13. Nxf6+ Qxf6 14. c3 Be6 15. Nd2
Kg7 16. Qe2 h5 17. Qe3 Na5 18. f4 Nxc4 19. dxc4 exf4 20. Rxf4 Qe7 21. Raf1 Rae8
22. Qf2 Bd7 23. Rf6 Bxa4 24. e5 Qxe5 25. Rxf7+ Rxf7 26. Qxf7+ Kh6 27. Rf6 Qg3
28. Nf3 Bc6 29. Nh4 Re1+ 30. Rf1 Rxf1+ 31. Kxf1 Qxh4 32. Qf8+ Kh7 33. Qf7+ Kh6
34. Qf8+ Kh7 35. Qf7+ Kh6 1/2-1/2

[Event "Titled Tue 17th Jun Late"]
[Site "chess.com INT"]
[Date "2025.06.17"]
[Round "7"]
[White "Kravtsiv, Martyn"]
[Black "Muradli, Mahammad"]
[Result "0-1"]
[WhiteTitle "GM"]
[BlackTitle "GM"]
[WhiteElo "2598"]
[BlackElo "2609"]
[WhiteFideId "14113147"]
[BlackFideId "13409301"]
[EventDate "2025.06.17"]

1. e4 c5 2. Nc3 d6 3. f4 a6 4. d4 cxd4 5. Qxd4 Nc6 6. Qf2 g6 7. Nf3 Bg7 8. Bd3
Nf6 9. h3 b5 10. Be3 Bb7 11. O-O-O Nd7 12. e5 Qa5 13. Kb1 b4 14. Ne2 dxe5 15. f5
Nf6 16. fxg6 hxg6 17. Ng5 Nd4 18. Nxd4 exd4 19. Bxd4 Qxg5 20. Rhe1 O-O 21. Re5
Qxg2 22. Qe1 Rad8 23. Bc4 Bd5 24. Bf1 Qh1 25. Rxe7 Be6 26. Qh4 Rxd4 27. Qxd4 Nd5
28. Qc5 Nxe7 29. Qxe7 a5 30. a3 Qe4 0-1

[Event "Titled Tue 17th Jun Late"]
[Site "chess.com INT"]
[Date "2025.06.17"]
[Round "7"]
[White "Rojas Alarcon, Julian Antonio"]
[Black "Reprintsev, Alexander"]
[Result "0-1"]
[WhiteTitle "FM"]
[BlackTitle "IM"]
[WhiteElo "2365"]
[BlackElo "2256"]
[WhiteFideId "5107407"]
[BlackFideId "14100541"]
[EventDate "2025.06.17"]

1. d4 d5 2. c4 e5 3. dxe5 d4 4. Nf3 Nc6 5. a3 g6 6. e3 Bg4 7. Be2 Bxf3 8. Bxf3
Nge7 9. exd4 Qxd4 10. O-O Bg7 11. Nc3 Qxc4 12. Bg5 O-O 13. Nd5 Nxd5 14. Bxd5 Qb5
15. e6 fxe6 16. Bxe6+ Kh8 17. h4 Nd4 18. Ba2 Qxb2 19. h5 Ne2+ 20. Kh1 gxh5 21.
Bc4 Qxa1 22. Qxe2 Qe5 23. Qxh5 Qd4 24. Ba2 Rxf2 25. Rd1 Qe4 26. Bd5 Qe2 27. Bf3
Rf1+ 28. Rxf1 Qxf1+ 29. Kh2 Be5+ 30. Kh3 Qh1+ 31. Kg4 Qxh5+ 32. Kxh5 c6 33. g4
Rf8 34. Be4 Rf2 35. Be7 Bf4 36. g5 Rh2+ 37. Kg4 Be5 38. Kf5 Bb2 39. Bc5 a6 40.
Bd6 Rf2+ 41. Ke6 Kg7 42. Be7 Re2 43. Kf5 Kf7 44. Bd6 Bc1 45. Bg3 Rxe4 46. Kxe4
Bxg5 47. a4 Bd8 48. Kd4 Ke6 49. Kc5 Kd7 50. Bf4 h5 0-1

[Event "Titled Tue 17th Jun Late"]
[Site "chess.com INT"]
[Date "2025.06.17"]
[Round "7"]
[White "Lazaro Azcutia, Miguel"]
[Black "Aliyev, Elnur"]
[Result "0-1"]
[WhiteTitle "CM"]
[BlackTitle "CM"]
[WhiteElo "2275"]
[BlackElo "2123"]
[WhiteFideId "54538254"]
[BlackFideId "13402617"]
[EventDate "2025.06.17"]

1. e4 b6 2. d4 Bb7 3. Bd3 d6 4. Nf3 Nd7 5. O-O e5 6. c3 Be7 7. a4 a5 8. Nbd2
Ngf6 9. Re1 O-O 10. Bc2 Re8 11. Nf1 Bf8 12. Ng3 g6 13. Bg5 h6 14. Bd2 Bg7 15.
Qc1 Kh7 16. h4 exd4 17. cxd4 c5 18. Bc3 Rc8 19. h5 Ng4 20. Qf4 cxd4 21. Bxd4
Rxc2 22. hxg6+ fxg6 23. Qxg4 Nf6 24. Bxf6 Qxf6 25. Rad1 Qxb2 26. Nh4 Qf6 27. Nf3
Bc8 28. Qh4 Qxh4 29. Nxh4 Be5 30. Nf1 Bg4 31. Rb1 Bd4 32. Ne3 Rxe4 33. Nxg4 Rxg4
34. Re7+ Kg8 35. Nf3 Bxf2+ 36. Kf1 Bc5 37. Rbe1 Rf2+ 38. Kg1 0-1

[Event "Titled Tue 17th Jun Late"]
[Site "chess.com INT"]
[Date "2025.06.17"]
[Round "7"]
[White "Harish, Neeraj"]
[Black "Garcia Hernandez, Rebeca"]
[Result "1-0"]
[WhiteTitle "CM"]
[BlackTitle "WCM"]
[WhiteElo "2192"]
[BlackElo "1904"]
[WhiteFideId "30958130"]
[BlackFideId "5180872"]
[EventDate "2025.06.17"]

1. c4 Nf6 2. g3 c5 3. Bg2 Nc6 4. Nc3 g6 5. Nf3 Bg7 6. O-O O-O 7. d4 cxd4 8. Nxd4
Nxd4 9. Qxd4 d6 10. e4 Qa5 11. Qd3 Be6 12. h3 Rac8 13. Nd5 Nxd5 14. cxd5 Bd7 15.
Bg5 Bb5 16. Qb3 Bxf1 17. Rxf1 Qc7 18. Rc1 Qd7 19. Re1 Rc5 20. Bf1 a6 21. Be3
Rcc8 22. Kh2 b5 23. h4 h5 24. Bh3 Qc7 25. Bxc8 Rxc8 26. Rc1 Qd7 27. Rxc8+ Qxc8
28. Bg5 Qc7 29. a4 bxa4 30. Qxa4 Qb7 31. Qe8+ Kh7 32. Qxf7 Qxb2 33. Bxe7 Qe5 34.
Bf8 a5 35. f4 Qb2+ 36. Kh3 a4 37. e5 dxe5 38. Qxg7# 1-0

[Event "Titled Tue 17th Jun Late"]
[Site "chess.com INT"]
[Date "2025.06.17"]
[Round "7"]
[White "Palczert, Matyas"]
[Black "Sheehan, Ethan"]
[Result "0-1"]
[WhiteTitle "FM"]
[WhiteElo "2396"]
[BlackElo "2364"]
[WhiteFideId "784958"]
[BlackFideId "30943965"]
[EventDate "2025.06.17"]

1. b3 g6 2. Bb2 Nf6 3. Nf3 Bg7 4. g3 O-O 5. Bg2 b6 6. O-O Bb7 7. c4 c5 8. Nc3
Nc6 9. d4 Nxd4 10. Nxd4 Bxg2 11. Kxg2 cxd4 12. Qxd4 d5 13. cxd5 e6 14. Rad1 Nxd5
15. Qxg7+ Kxg7 16. Nxd5+ Kh6 17. Nf6 Qc7 18. Rc1 Qb7+ 19. f3 g5 20. h4 Rac8 21.
Ng4+ Kh5 22. Nf6+ Kg6 23. h5+ Kg7 24. Ne4+ f6 25. Nxg5 Qe7 26. Ne4 e5 27. g4 Qe6
28. Ng3 Rxc1 29. Rxc1 Rd8 30. Nf5+ Kg8 31. Rc7 Rd2 32. Rc8+ Qxc8 33. Ne7+ Kf7
34. Nxc8 Rxe2+ 0-1

[Event "Titled Tue 17th Jun Late"]
[Site "chess.com INT"]
[Date "2025.06.17"]
[Round "7"]
[White "Sindarov, Islombek"]
[Black "Romanchuk, Viktor"]
[Result "0-1"]
[WhiteTitle "CM"]
[BlackTitle "FM"]
[WhiteElo "2129"]
[BlackElo "2266"]
[WhiteFideId "14205475"]
[BlackFideId "14109271"]
[EventDate "2025.06.17"]

1. c4 c6 2. g3 d5 3. Bg2 Nf6 4. cxd5 cxd5 5. Nf3 Nc6 6. O-O Bg4 7. d3 e6 8. Nbd2
Be7 9. b3 O-O 10. Bb2 a5 11. Rc1 a4 12. h3 Bh5 13. bxa4 Qa5 14. Qb3 Rfb8 15. Ne5
Qxa4 16. g4 Bg6 17. Qxa4 Rxa4 18. g5 Ne8 19. Nxc6 bxc6 20. Be5 Rc8 21. Rc2 Bxg5
22. f4 Be7 23. Rfc1 c5 24. e4 f6 25. Ba1 Bf7 26. f5 dxe4 27. fxe6 Bxe6 28. Nxe4
Rxa2 29. Rxa2 Bxa2 30. Re1 Bf8 31. Ng3 Nd6 32. Bc3 Bf7 33. Ra1 c4 34. dxc4 Nxc4
35. Ne4 Ne3 36. Bf3 f5 37. Ng5 Rxc3 38. Ra7 Bd5 39. Bxd5+ Nxd5 40. Ra8 Rc6 41.
Nf3 Rf6 42. Ne5 Nb6 43. Rb8 h6 44. h4 Kh7 45. Nf3 Bd6 46. Re8 Nd5 47. h5 Nf4 48.
Kf2 Nxh5 49. Nh4 Bg3+ 0-1

[Event "Titled Tue 17th Jun Late"]
[Site "chess.com INT"]
[Date "2025.06.17"]
[Round "7"]
[White "Jing, Andrew"]
[Black "Ersoz, Teoman Guney"]
[Result "0-1"]
[WhiteTitle "FM"]
[BlackTitle "CM"]
[WhiteElo "2292"]
[BlackElo "2052"]
[WhiteFideId "30984076"]
[BlackFideId "44537050"]
[EventDate "2025.06.17"]

1. e4 c5 2. Nf3 d6 3. Bb5+ Bd7 4. Bxd7+ Nxd7 5. O-O Ngf6 6. Re1 g6 7. d4 cxd4 8.
Nxd4 Bg7 9. c4 O-O 10. Nc3 a6 11. b3 Rc8 12. Bb2 Ne5 13. Rc1 Qa5 14. h3 Rfd8 15.
Qd2 Nc6 16. Nf3 b5 17. cxb5 axb5 18. a4 bxa4 19. Nxa4 Qxd2 20. Nxd2 Nb4 21. Rxc8
Rxc8 22. Bc3 Nd3 23. Re3 Nc1 24. Kf1 Nd7 25. Bxg7 Kxg7 26. Ke1 Nc5 27. Kd1 N1d3
28. Ke2 Nf4+ 29. Kf3 Nfe6 30. Nxc5 Rxc5 31. Rd3 Re5 32. Ke3 Nc5 33. Rd4 f5 34.
f4 Re6 35. b4 Nxe4 36. Nxe4 d5 37. b5 dxe4 38. Rb4 Rb6 39. Kd4 Kf6 40. Kc5 Rb8
41. b6 e5 42. fxe5+ Kxe5 43. b7 e3 44. Kc6 e2 45. Rb1 Ke4 46. Kc7 Rxb7+ 47. Kxb7
Ke3 48. Kc7 Kf2 49. Kd7 Kxg2 50. Ke6 Kf2 51. Kf6 e1=Q 52. Rxe1 Kxe1 53. Kg7 f4
54. Kxh7 f3 55. Kxg6 f2 56. h4 f1=Q 57. h5 Qf8 58. h6 Qh8 59. Kg5 Ke2 60. Kg6
Ke3 0-1

[Event "Titled Tue 17th Jun Late"]
[Site "chess.com INT"]
[Date "2025.06.17"]
[Round "7"]
[White "Qian, Ashley"]
[Black "Modric, Nesa"]
[Result "0-1"]
[WhiteTitle "WCM"]
[BlackTitle "CM"]
[WhiteElo "2033"]
[BlackElo "2088"]
[WhiteFideId "2636280"]
[BlackFideId "922579"]
[EventDate "2025.06.17"]

1. Nf3 d5 2. c4 c6 3. g3 Nf6 4. Bg2 Bf5 5. O-O e6 6. b3 Nbd7 7. Bb2 Be7 8. Nc3
O-O 9. Rc1 h6 10. d3 Qa5 11. Re1 Rad8 12. Qc2 dxc4 13. bxc4 Ba3 14. Nd4 Nc5 15.
Nxf5 exf5 16. Red1 Rfe8 17. d4 Nce4 18. Nxe4 fxe4 19. Rb1 e3 20. fxe3 Rxe3 21.
Bxa3 Rxa3 22. Rxb7 Rxa2 23. Qd3 Ng4 24. Qf3 Nf6 25. e4 Qa4 26. e5 Ra3 27. Qf1
Nh5 28. Qxf7+ Kh8 29. Qxh5 Qxc4 0-1

[Event "Titled Tue 17th Jun Late"]
[Site "chess.com INT"]
[Date "2025.06.17"]
[Round "7"]
[White "Sitnic, Adnan"]
[Black "Papacek, Stepan"]
[Result "0-1"]
[WhiteTitle "CM"]
[BlackTitle "FM"]
[WhiteElo "2058"]
[BlackElo "2225"]
[WhiteFideId "14403854"]
[BlackFideId "301035"]
[EventDate "2025.06.17"]

1. e4 e6 2. d4 d5 3. e5 c5 4. c3 Nc6 5. Nf3 Bd7 6. a3 c4 7. Be2 Na5 8. Nbd2 Qc7
9. O-O Ne7 10. Re1 Nc8 11. Rb1 Nb6 12. Nf1 Nb3 13. Bg5 h6 14. Bh4 g5 15. Bg3
O-O-O 16. h4 Be7 17. h5 Kb8 18. N3d2 Ba4 19. Nxb3 Bxb3 20. Qc1 Ka8 21. Nd2 Ba4
22. Bd1 Bxd1 23. Qxd1 Qd7 24. Qc2 Qa4 25. Rec1 Qxc2 26. Rxc2 Kb8 27. b4 cxb3 28.
Rxb3 Rc8 29. Rcb2 Rc7 30. Rb5 Na4 31. R2b3 Nxc3 32. Rxb7+ Rxb7 33. Rxc3 Rc8 34.
Rf3 Bf8 35. Rb3 Rc2 36. Rxb7+ Kxb7 37. Nb3 Bxa3 38. f4 g4 39. f5 exf5 40. Bf4
Bf8 41. Nc5+ Bxc5 42. dxc5 a5 43. Bxh6 g3 44. Bf4 Rc4 45. Bxg3 Rxc5 46. h6 d4 0-1

[Event "Titled Tue 17th Jun Late"]
[Site "chess.com INT"]
[Date "2025.06.17"]
[Round "7"]
[White "Ady, Jonathan J."]
[Black "Ferreira, Vitor Hugo Vieira"]
[Result "0-1"]
[WhiteTitle "FM"]
[WhiteElo "2355"]
[BlackElo "2128"]
[WhiteFideId "6000240"]
[BlackFideId "2119765"]
[EventDate "2025.06.17"]

1. e4 c5 2. Nf3 d6 3. c3 Nf6 4. Be2 Nc6 5. d4 cxd4 6. cxd4 d5 7. e5 Ne4 8. O-O
g6 9. Ne1 h6 10. f3 Ng5 11. Nc3 Bg7 12. Be3 O-O 13. Qb3 e6 14. Rc1 f6 15. f4 Nf7
16. Nd3 fxe5 17. fxe5 Qh4 18. Rf4 Qe7 19. Rcf1 Bd7 20. Qxb7 Rab8 21. Qa6 Rb6 22.
Qa3 Qxa3 23. bxa3 h5 24. R4f3 Nfd8 25. Rxf8+ Bxf8 26. Na4 Rb8 27. Nac5 Bc8 28.
Rc1 Na5 29. Bg5 Nf7 30. Bf6 Nc4 31. Nf4 Bxc5 32. dxc5 Nfxe5 33. Re1 Kf7 34. Bxe5
Nxe5 35. a4 Nd7 36. Bb5 Nxc5 37. Rc1 Ne4 38. Rc7+ Kf6 39. Rxa7 h4 40. h3 g5 41.
Nd3 Nd6 42. Ba6 Bxa6 43. Rxa6 Ne4 44. a3 Rb1+ 45. Kh2 Ng3 46. Nf2 Rf1 47. Ng4+
Ke7 0-1

[Event "Titled Tue 17th Jun Late"]
[Site "chess.com INT"]
[Date "2025.06.17"]
[Round "7"]
[White "Moreira, Ronaldo Alonso"]
[Black "Jovic, Stanoje"]
[Result "0-1"]
[BlackTitle "FM"]
[WhiteElo "2094"]
[BlackElo "2096"]
[WhiteFideId "2110547"]
[BlackFideId "905020"]
[EventDate "2025.06.17"]

1. d4 Nf6 2. c4 e6 3. Nc3 Bb4 4. Bd2 O-O 5. e3 d5 6. Nf3 a6 7. Rc1 Nbd7 8. cxd5
exd5 9. Bd3 c5 10. O-O c4 11. Bb1 b5 12. a3 Bxc3 13. Bxc3 a5 14. Ne5 Bb7 15. f4
Qe7 16. Be1 b4 17. axb4 axb4 18. Bh4 Ra6 19. Qc2 g6 20. Qf2 Qd6 21. Qg3 Nh5 22.
Qh3 Bc8 23. g4 Ng7 24. Qg2 f6 25. Nf3 Re8 26. Bf2 Nf8 27. g5 f5 28. Ne5 Nd7 29.
Qf3 Nxe5 30. fxe5 Qe6 31. h4 Bb7 32. Bg3 Rea8 33. Bh2 Ra1 34. Qe2 Qe7 35. Qd2
Ne6 36. Bf4 Bc6 37. Bc2 Rxc1 38. Rxc1 b3 39. Bd1 Ra4 40. Qg2 Qa7 0-1

[Event "Titled Tue 17th Jun Late"]
[Site "chess.com INT"]
[Date "2025.06.17"]
[Round "7"]
[White "Montano Vicente, Guadalupe"]
[Black "Sobek, Jaroslav"]
[Result "0-1"]
[BlackTitle "FM"]
[WhiteElo "1938"]
[BlackElo "2195"]
[WhiteFideId "5181399"]
[BlackFideId "301388"]
[EventDate "2025.06.17"]

1. d4 d5 2. c4 dxc4 3. e4 e5 4. Nf3 exd4 5. Bxc4 Bb4+ 6. Nbd2 Ne7 7. Bxf7+ Kxf7
8. Qb3+ Kf8 9. Qxb4 Nc6 10. Qc5 Qd6 11. Qg5 h6 12. Qh5 Be6 13. O-O Bf7 14. Qb5
Rb8 15. Nc4 Qg6 16. Nce5 Nxe5 17. Nxe5 Qd6 18. Nd7+ Kg8 19. Nxb8 Kh7 20. Qxb7 c5
21. Qd7 Qf6 22. Na6 Bc4 23. Re1 Bxa6 24. e5 Qf7 25. Qd6 Bc4 26. e6 Qf6 27. Bf4
Ng6 28. Bg3 Rd8 29. Qc7 Re8 30. Qd6 Bxe6 31. Qxc5 d3 32. Qc3 Qxc3 33. bxc3 Nf8
34. Red1 Rd8 35. Rd2 Bc4 0-1

[Event "Titled Tue 17th Jun Late"]
[Site "chess.com INT"]
[Date "2025.06.17"]
[Round "7"]
[White "Fomevor, Cephas Clinton"]
[Black "Ibarra Carlos Roberto"]
[Result "0-1"]
[WhiteTitle "CM"]
[BlackTitle "FM"]
[WhiteElo "1883"]
[BlackElo "2116"]
[WhiteFideId "12601330"]
[BlackFideId "6707173"]
[EventDate "2025.06.17"]

1. d4 Nf6 2. c4 e6 3. Nf3 b6 4. a3 Bb7 5. Nc3 c5 6. Bg5 cxd4 7. Nxd4 Bc5 8. e3
h6 9. Bh4 Nc6 10. Nf3 Be7 11. Be2 Rc8 12. O-O d5 13. cxd5 Nxd5 14. Bxe7 Ndxe7
15. Nb5 O-O 16. Nd6 Rc7 17. Nxb7 Rxb7 18. Qa4 Rd7 19. Rfd1 Rxd1+ 20. Rxd1 Qc7
21. b4 Rd8 22. Rc1 Qb7 23. Ba6 Qa8 24. Bb5 Nb8 25. h3 a6 26. Be2 b5 27. Bxb5 Nd5
28. Be2 Qb7 29. Nd4 Nd7 0-1

[Event "Titled Tue 17th Jun Late"]
[Site "chess.com INT"]
[Date "2025.06.17"]
[Round "7"]
[White "Labussiere, Victor"]
[Black "Rustemov, Alexander"]
[Result "0-1"]
[WhiteTitle "FM"]
[BlackTitle "GM"]
[WhiteElo "2312"]
[BlackElo "2525"]
[WhiteFideId "2183129"]
[BlackFideId "4119002"]
[EventDate "2025.06.17"]

1. Nf3 d5 2. c4 c6 3. e3 Nf6 4. Nc3 a6 5. b3 Bf5 6. Bb2 e6 7. Nh4 Bg4 8. Qc2
Nbd7 9. h3 Bh5 10. g4 Bg6 11. Nxg6 hxg6 12. Be2 Bd6 13. d4 Qe7 14. O-O-O Ba3 15.
Kb1 Bxb2 16. Kxb2 Rh4 17. e4 dxe4 18. Nxe4 Rd8 19. Ng5 Rh8 20. f4 c5 21. Rhe1
cxd4 22. Rxd4 Nb8 23. Rxd8+ Qxd8 24. Rd1 Qc7 25. Qd2 Ke7 26. Qb4+ Ke8 27. Bf3 b6
28. Rd6 Nfd7 29. f5 a5 30. Qd2 gxf5 31. gxf5 Ke7 32. Rd3 Qe5+ 33. Ka3 Qxf5 34.
Bg4 Qc5+ 35. Kb2 Ne5 36. Rc3 Nbc6 37. Ne4 Qd4 38. Qxd4 Nxd4 39. Rg3 f5 40. Bd1
fxe4 0-1

[Event "Titled Tue 17th Jun Late"]
[Site "chess.com INT"]
[Date "2025.06.17"]
[Round "7"]
[White "Pakleza, Zbigniew"]
[Black "Haydon, David L"]
[Result "0-1"]
[WhiteTitle "GM"]
[BlackTitle "FM"]
[WhiteElo "2484"]
[BlackElo "2284"]
[WhiteFideId "1119290"]
[BlackFideId "415405"]
[EventDate "2025.06.17"]

1. d4 Nf6 2. Nf3 e6 3. Bf4 b6 4. e3 Bb7 5. h3 Be7 6. Nbd2 O-O 7. Bd3 c5 8. c3 d5
9. O-O Nc6 10. Bh2 Bd6 11. Ne5 Qc7 12. f4 Ne7 13. Qf3 Nd7 14. Rae1 f6 15. Qg4 f5
16. Qe2 Nf6 17. g4 Ne4 18. gxf5 Nxf5 19. Nxe4 dxe4 20. Bc4 Qe7 21. Kh1 cxd4 22.
cxd4 Rac8 23. Bb3 Rf6 24. Rg1 Rh6 25. Qg4 Rf8 26. Qg5 Bd5 27. Qxe7 Bxe7 28. Kg2
Bd6 29. Ng4 Rg6 30. Kf2 Be7 31. Ke2 Nh4 32. Ne5 Rh6 33. Ng4 Rh5 34. Ne5 Nf5 35.
Bxd5 exd5 36. Bg3 Rxh3 37. Bf2 Rh2 38. Rc1 Bh4 39. Rcf1 Ng3+ 40. Rxg3 Bxg3 41.
Ng4 Rg2 42. Ke1 h5 43. Bxg3 hxg4 44. Bf2 g3 45. Bg1 Rc8 0-1

[Event "Titled Tue 17th Jun Late"]
[Site "chess.com INT"]
[Date "2025.06.17"]
[Round "7"]
[White "Mulawa, Cyprian"]
[Black "Przybylski, Wojciech"]
[Result "0-1"]
[WhiteTitle "FM"]
[BlackTitle "FM"]
[WhiteElo "2324"]
[BlackElo "2340"]
[WhiteFideId "21001855"]
[BlackFideId "1117599"]
[EventDate "2025.06.17"]

1. e4 e5 2. Nf3 Nf6 3. Nxe5 d6 4. Nf3 Nxe4 5. d4 d5 6. Bd3 Bd6 7. O-O O-O 8. c4
c6 9. Nc3 Nxc3 10. bxc3 dxc4 11. Bxc4 Bg4 12. h3 Bh5 13. g4 Bg6 14. Ne5 Nd7 15.
f4 Be4 16. Qb3 Bxe5 17. fxe5 Qe7 18. Ba3 c5 19. Rae1 Bg6 20. e6 fxe6 21. Rxe6
Qh4 22. Kg2 Kh8 23. Qxb7 Nf6 24. Bxc5 Rfb8 25. Qe7 Re8 26. Rexf6 gxf6 27. Qxf6+
Qxf6 28. Rxf6 Rab8 29. Bd6 Rb2+ 30. Kg3 Rc2 31. Be5 Rxe5 32. Rf8+ Kg7 33. Rg8+
Kh6 34. dxe5 Rxc3+ 35. Kh4 Rxc4 36. e6 Re4 37. e7 Bf7 38. e8=Q Bxe8 39. Rf8 Kg7
40. Rf5 Bf7 41. Ra5 Re7 42. Kg5 Rd7 43. Kf4 Bc4 44. h4 a6 45. h5 Bb5 46. a4 Rd4+
47. Ke3 Rxa4 48. Rxa4 Bxa4 49. g5 Bd1 50. g6 h6 0-1